000
00301nam a22001337a 4500
008
170413b xxu||||| |||| 00| 0 eng d
020
_a
0845151371
041
_a
eng
080
_a
612.39
100
_a
10
101
_a
SHM
245
_a
DIETARY RESTRICTION AND AGING
_c
SNYDER, D.L
942
_2
udc
_c
BK
999
_c
10637
_d
10637